000 01236nam a22003617a 4500
003 CHAP
005 20220329135016.0
008 971013s1968 r 00010 d
010 _a29460
011 _a30432
035 _a34544
040 _cCHAP
090 _aTesis
100 0 0 _aLépiz Ildefonso, Rogelio.
_967437
245 _aRespuesta de cuatro variedades de frijol (Phaseolus vulgaris L.) a la inoculación con Rhizobium phaseoli
260 _aChapingo, Méx. :
_bEl autor,
_c1968
300 _a75 p.
_b: ilus.
502 _aTesis (Ing. Agr. Esp. en Fitotecnia) -- ENA. Departamento de Fitotecnia
590 _aALEPH
_b10
_c20130110
_lUCH01
_h1251
590 _aBATCH-UPD
_b10
_c20130110
_lUCH01
_h0051
590 _aBATCH-UPD
_b10
_c20130110
_lUCH01
_h1429
590 _aBATCH-UPD
_b10
_c20130409
_lUCH01
_h2038
590 _aBATCH-UPD
_b10
_c20130410
_lUCH01
_h0907
590 _aBATCH-UPD
_b10
_c20130914
_lUCH01
_h1440
590 _aCONVERSION
_b10
_c20130109
_lUCH01
_h1317
650 1 4 _aFrijol
_xVariedades.
_943446
650 1 4 _aNitrificación.
_981394
650 1 4 _aRhizobium.
_997124
901 _aBK
942 _cFOLL
949 _bBC
_cTES
_d-79879
_eTS1
_i34544
_si
949 _bBC
_cTES
_d33724000925889
_eTS2
_fc.2
_i34544
_si
999 _c29460
_d29460